000 04384nam a22002417a 4500
003 URS
005 20250804150600.0
008 250717b |||||||| |||| 00| 0 eng d
050 0 0 _aLG 221.R59
_b.D443 2018
100 1 _aDequina, Jemuel B.
_eResearcher
245 1 0 _aVices prevention and control program in selected high school at Rodriguez, Rizal/
_cJemuel B. Deguina [and] Cherimae M. Partosa
260 1 _c2018
300 _axi, 82 leaves;
_billustrations
_c28 cm.
336 _2rdacontent
_atext
337 _2rdamedia
_aunmediated
338 _2rdacarrier
_avolume
502 _aUndergraduate Thesis
_bBachelor of Secondary Education Major in Biological Science
_cUniversity of Rizal System, Rodriguez, Rizal
_d2018
520 _aThis study aimed to determine the programs of selected high schools in District II Rodriguez Rizal on how they prevent and control the vices of their students. It was respondents of 15 public school teachers and utility personnel. The researchers made used the qualitative method of research. These studies involved were they've utilized an interview guide and observation which serves a basis of documenting the results of the study. The interpretation of gathered data was analyzed. From the analysis of the data, the following findings were found Most of the respondents were female, their ages ranges from 25 to 42 years old and most of them been in the institution for 21 years. Most of the programs implemented by the schools were anti-smoking and anti-drinking policy within the school vicinity, they've shown it through signage as campaign and anti-gaming campaign (computer gaming) of the students outside the school wherein it is disseminated through orientation program before the school year starts while some programs on vices were incorporated in some subjects such as MAPEH they distributed leaflets containing information about the negative effects of some vices inside their body. In light with the implementation of vices prevention and control programs most of the respondents said that it is strictly followed within the school areas, if they were caught smoking or drinking alcoholic beverages inside the school they immediately brought the concern to the Guidance Office however, few of respondents said they didn't know if the programs are strictly followed or not. The problems that is being encountered by the school personnel with their vices prevention and control programs; some computer shop did not cooperate with their campaign, some students cut their classes just to do gaming they tend not to cooperate in the implementation that's why some were caught and was given sanction. Based from the gathered analysis in the summary of findings, the following conclusions were drawn: Teachers are matured enough to manage better the implementation of the programs in vices prevention, School administrators really find time to protect their clientele, Implementation of programs on vices prevention is not an easy Task and Due to peer pressure, vice among the high school students persist despite the strict implementation of the program. On the basis of the conclusions formulated in the study the following are hereby recommended to the School Administrators, keep their spint in protecting the benefits of their clientele, however they are encourage to see to it that there will be strict monitoring and compliance among his or her followers, Teachers, they are encourage to support the programs of their institution so as success will be attained, Parents, they are also encourage to keep abreast of their son or daughter activities whether in they are in schools or not. They should help and support the school programs and campaigns to address common Issues and problems of their son and daughter, students, They must follow the rules and regulation of the school where they are, they must not engage themselves in wrong doing that will lead their teachers and parents to disappointments and themselves as well, and to the future researchers, they are advice to consider other factors of students vices to deepen the result of the current study. Making a parallel study like this in depth analysis is encouraged.
650 _2prevent and control the vices of their students
700 _aPartosa, Cherimae M.
_eResearcher
700 _aCalanasan, Rosanna N.
_eAdviser
942 _2lcc
_cT
999 _c83675
_d83674